| 000 -ლიდერი |
| ფიქსირებული სიგრძის საკონტროლო ველი |
01233nam a2200253Ia 4500 |
| 001 - საკონტროლო ნომერი |
| საკონტროლო ველი |
12472 |
| 003 - საკონტროლო ნომრის იდენტიფიკატორი |
| საკონტროლო ველი |
GE_BSU |
| 005 - ბოლო ოპერაციის თარიღი და დრო |
| საკონტროლო ველი |
20240710154725.0 |
| 008 - ფიქსირებული სიგრძის მონაცემთა ელემენტები - ზოგადი ინფორმაცია |
| ფიქსირებული სიგრძის საკონტროლო ველი |
181216s2003||||ge |||||||||||||| ||geo|| |
| 040 ## - კატალოგიზაციის წყარო |
| Transcribing agency |
GE_BSU |
| 041 ## - ენის კოდი |
| Language code of text/sound track or separate title |
geo |
| 080 ## - უნივერსალური ათობითი კლასიფიკაციის ინდექსი |
| Universal Decimal Classification number |
517(042.4) მ-43 |
| 100 ## - მთავარი ჩანაწერი - პიროვნების სახელი |
| Personal name |
მახარაძე, შოთა |
| 9 (RLIN) |
2482 |
| 245 ## - ცნობა სათაურის შესახებ |
| Title |
უმაღლესი მათემატიკა : |
| Remainder of title |
(ლექციების კურსი) / |
| Statement of responsibility, etc |
შოთა მახარაძე, გივი ნოღაიდელი ; [რედ. : დურსუნ ბალაძე, ივერი კაკუბავა]. |
| 264 ## - წარმოების, გამოცემის, დისტრიბუციის და სხვა ცნობები |
| გამოცემის, წარმოების, დისტრიბუციის... ადგილი |
ბათუმი: |
| გამოცემის, წარმოების, დისტრიბუციის... სახელწოდება |
აჭარა, |
| გამოცემის, წარმოების, დისტრიბუციის... თარიღი |
2003. |
| 300 ## - ფიზიკური აღწერა |
| Extent |
433 გვ. ; |
| Other physical details |
21 სმ. |
| 504 ## - BIBLIOGRAPHY, ETC. NOTE |
| Bibliography, etc |
ბიბლიოგრ. : გვ. 423 |
| 520 ## - SUMMARY, ETC. |
| Summary, etc |
გვაჩუქა შოთა მახარაძემ 17/11/2014 |
| 653 ## - INDEX TERM--UNCONTROLLED |
| Uncontrolled term |
უმაღლესი მათემატიკა |
| 700 ## - ADDED ENTRY--PERSONAL NAME |
| Personal name |
ნოღაიდელი, გივი |
| Relator term |
ავტორი |
| 9 (RLIN) |
20353 |
| 700 ## - ADDED ENTRY--PERSONAL NAME |
| Relator term |
ბალაძე, დურსუნ |
| Dates associated with a name |
რედაქტორი |
| 9 (RLIN) |
22793 |
| 700 ## - ADDED ENTRY--PERSONAL NAME |
| Personal name |
კაკუბავა, ივერი |
| Dates associated with a name |
რედაქტორი |
| 9 (RLIN) |
22794 |
| 942 ## - ADDED ENTRY ELEMENTS (KOHA) |
| Koha item type |
წიგნი |
| Source of classification or shelving scheme |
|